James Madison Basketball: Top 10 All-Time Leaders - Statistics

General Stats
  • This quiz has been taken 7 times
    6 since last reset
  • The average score is 3 of 93
Answer Stats
Category # Player Amount % Correct
Points T8 Terrence Edwards Jr. 1,414
60%
Assists 10 Terrence Edwards Jr. 278
60%
Blocks 1 Barry Brown 198
40%
Assists 5 Chris Williams 351
40%
Points Per Game 10 Bryan Edwards 14.8
20%
Three Pointers Made 9 Stuckey Mosley 180
20%
Points Per Game 5 Stuckey Mosley 17.4
20%
Points 6 William Davis 1,505
20%
Steals 10 William Davis 122
20%
Field Goal Percent 7 William Davis 50.8%
20%
Blocks T6 Andrey Semenov 101
0%
Games 2 Andrey Semenov 132
0%
Assists 4 Ben Gordon 354
0%
Games 7 Ben Louis 123
0%
Steals 8 Charles Fisher 126
0%
Rebounds 7 Charles Lott 601
0%
Games T10 Charles Lott 118
0%
Points Per Game 9 Chatney Howard 15.6
0%
Rebounds T4 Dan Ruland 640
0%
Field Goal Percent 3 Dan Ruland 54.5%
0%
Steals 2 Darius Banks 148
0%
Points 5 Darren McLinton 1,533
0%
Steals 9 Darren McLinton 123
0%
Three Pointers Made 4 Darren McLinton 237
0%
Games T10 Darren McLinton 118
0%
Assists 6 David Dupont 349
0%
Steals 3 David Dupont 145
0%
Three Pointers Made 6 David Fanning 192
0%
Blocks 8 Denzel Bowles 89
0%
Field Goal Percent 1 Denzel Bowles 58.7%
0%
Points Per Game 3 Denzel Bowles 19.0
0%
Assists 8 Derek Steele 338
0%
Steals 5 Derek Steele 136
0%
Games T10 Derek Steele 118
0%
Assists 1 Devon Moore 501
0%
Games 6 Devon Moore 124
0%
Rebounds 8 Dwight Wilson 577
0%
Steals 4 Eric Bent 137
0%
Field Goal Percent 10 Eric Brent 47.5%
0%
Rebounds 3 Eugene Atkinson 741
0%
Rebounds 6 Ian Caskill 615
0%
Blocks T3 Ian Caskill 131
0%
Points Per Game 8 Jabari Outtz 16.1
0%
Three Pointers Made 8 Jackson Kent 181
0%
Games 3 Jackson Kent 129
0%
Blocks T6 James Coleman 101
0%
Rebounds 2 Jeff Chambers 769
0%
Blocks T3 Jeff Chambers 131
0%
Games T10 Jeff Chambers 118
0%
Field Goal Percent 8 John Newman 48.8%
0%
Games 1 Julien Wooden 146
0%
Points T8 Julius Wells 1,414
0%
Three Pointers Made 2 Julius Wells 247
0%
Points 7 Juwann James 1,456
0%
Rebounds T4 Juwann James 640
0%
Steals 6 Juwann James 134
0%
Field Goal Percent 4 Juwann James 53.7%
0%
Points 3 Kent Culuko 1,701
0%
Three Pointers Made 1 Kent Culuko 320
0%
Games 9 Kent Culuko 119
0%
Three Pointers Made 5 Kyle Swanston 206
0%
Points 10 Linton Townes 1,380
0%
Field Goal Percent 2 Linton Townes 55.7%
0%
Field Goal Percent 6 Louis Rowe 52.2%
0%
Points Per Game 4 Louis Rowe 17.9
0%
Points 2 Matt Lewis 1,928
0%
Assists 7 Matt Lewis 341
0%
Three Pointers Made 3 Matt Lewis 238
0%
Points Per Game 6 Matt Lewis 17.1
0%
Points Per Game 7 Pat Dosh 16.8
0%
Assists 2 Pierre Curtis 463
0%
Steals 1 Pierre Curtis 175
0%
Games 5 Pierre Curtis 126
0%
Assists 9 Robert Griffin 313
0%
Rebounds T9 Rob Strickland 574
0%
Blocks 2 Rob Strickland 157
0%
Points 4 Ron Curry 1,550
0%
Assists 3 Ron Curry 417
0%
Steals 7 Ron Curry 131
0%
Three Pointers Made 7 Ron Curry 191
0%
Games 4 Ron Curry 128
0%
Field Goal Percent 9 Steve Hood 47.8%
0%
Points Per Game 1 Steve Hood 21.4
0%
Points 1 Steve Stielper 2,126
0%
Rebounds 1 Steve Stielper 917
0%
Field Goal Percent 5 Steve Stielper 53.4%
0%
Points Per Game 2 Steve Stielper 20.4
0%
Blocks T9 Thom Brand 85
0%
Games 8 Tom Vodanovich 120
0%
Blocks T9 Tyrone Shoulders 85
0%
Three Pointers Made 10 Vado Morse 175
0%
Rebounds T9 Yohanny Dalembert 574
0%
Blocks 5 Yohanny Dalembert 116
0%
No matching quizzes found
Score Distribution
Percent of People with Each Score
Percentile by Number Answered
Your Score History
You have not taken this quiz since the last reset